| 000 | 01018nam a2200265 i 4500 | ||
|---|---|---|---|
| 001 | bg | ||
| 100 | 1 | _aGRĄDZIEL, Sławomir | |
| 245 | 1 | 0 |
_aIdentyfikacja nieustalonego stanu cieplnego grubościennych elementów kotłów / _cSławomir Grądziel. |
| 260 |
_aKraków : _bWydawnictwa PK, _c1997. |
||
| 300 |
_a92 s. : _b1 fot., rys., wykr. ; _c24 cm. |
||
| 490 | 1 |
_aZeszyt Naukowy / Politechnika Krakowska im. Tadeusza Kościuszki. Mechanika, _x0372-9486 ; _vz. 79 |
|
| 500 | _aStreszcz. pol., ang., niem. - W serii gł. nr 5. | ||
| 500 | _aNumeracja ser. gł. : Nr 5. | ||
| 504 | _aBibliogr. s. 84-85. | ||
| 650 | 9 |
_aKotły parowe _xteoria |
|
| 650 | 9 |
_aCiepło _xpomiary |
|
| 650 | 9 |
_aAnaliza numeryczna _xstosowanie |
|
| 710 | 0 | _aPOLITECHNIKA KRAKOWSKA (Kraków) | |
| 830 | 0 |
_aZeszyt Naukowy (Politechnika Krakowska im. Tadeusza Kościuszki). _pMechanika ; _vz. 79 |
|
| 040 | _cBPK | ||
| 041 | 0 |
_apl _bdeenpl |
|
| 080 | _a621.1.01:536.08](075.8) | ||
| 942 | _cKS | ||
| 008 | s pl f |000 0 pol | ||
| 999 |
_c33152 _d33152 |
||
| 856 |
_uhttp://koha.tu.koszalin.pl/cgi-bin/koha/opac-detail.pl?biblionumber=33152 _yKatalog online BPK |
||